| 000 | 00598nam a22002057a 4500 | ||
|---|---|---|---|
| 003 | Ost | ||
| 005 | 20250721145306.0 | ||
| 008 | 250721b |||||||| |||| 00| 0 eng d | ||
| 020 | _a9780471977148 | ||
| 040 | _cBT-PhCST | ||
| 050 | _a25487 | ||
| 082 |
_222 _a627.042 _bGRA |
||
| 100 | _aGraf, Walter H. | ||
| 245 |
_aFluvial hydraulics : _bflow and transport processes in channels of simple geometry / |
||
| 260 |
_aEngland : _bJohn Wiley and Sons, _cc1998. |
||
| 300 |
_a681 p. : _bill. ; _c25 cm. |
||
| 500 | _aIncludes index and bibliography. | ||
| 700 | _aAltinakar, M.S, | ||
| 942 |
_2ddc _cWRE |
||
| 999 |
_c10059 _d10059 |
||